000 00283nam a2200097Ia 4500
082 _a349.68 MUR
245 0 _aUbuhlalu bukaZulu
100 _a MABUYA, L T L Pietermaritzburg, 2009 2nd ed. (new authography)
_978644
942 _cBK
008 210817s9999 xx 000 0 und d
999 _c272132
_d272131